| 000 | 00702nam a2200229 u 4500 | ||
|---|---|---|---|
| 005 | 20240228064104.0 | ||
| 008 | 121024s2002 ea r 000 0 spa d | ||
| 020 | _a0439352959 | ||
| 035 | _aUPN01000188018 | ||
| 049 | _aI | ||
| 050 | 4 |
_aPZ74.7 _bS5.97 |
|
| 100 | 1 |
_aShannon, David, _d1959- _933057 |
|
| 245 | 1 | 0 |
_aY siguió lloviendo / _cDavid Shannon ; tr. Nuria Molinero. |
| 260 |
_aNew York : _bScholastic, _c2002. |
||
| 300 |
_a[31] p. : _bprincipalmente il. col. |
||
| 534 |
_pTítulo original: _tThe rain came down |
||
| 650 | 4 |
_aCUENTOS HUMORISTICOS _911283 |
|
| 650 | 4 |
_aLibros y lectura para niños _92290 |
|
| 700 | 1 |
_aMolinero, Nuria, _eil. |
|
| 905 | _aInfantil | ||
| 999 |
_c160121 _d160121 |
||